000 00867nam a2200241 i 4500
001 19678
003 ES-MaACL
005 20250812221256.0
007 t|
008 021008s1970 sp ||||1| spa d
100 1 _aAbercrombie, M.,
_918094
245 1 0 _aDiccionario de biología /
_cM. Abercrombie, C.J. Hickman y M.L. Johnson ; [traducción de Juan Massot Gimeno ; adaptación y presentación de Antonio Fontdevila].
260 _a[Barcelona :
_bLabor],
_c[1970]
300 _a241 p. :
_bil. ;
_c20 cm.
490 1 _aDiccionarios de la Nueva Colección Labor
700 1 _aHickman, C. J.
_963552
700 1 _aJohnson, M. L.
_966753
700 1 _aMassot Gimeno, Juan.
_978859
700 1 _aFontdevila, Antonio.
_951631
830 0 0 _aDiccionarios de la nueva Colección Labor
_9182671
852 _aES-MaACL
_jL-5432
_bR.106224
999 _c19678
_d19678